History Quiz

Random History or Europe Quiz

European Parliament Groups Quiz Stats

 Plays Quiz not verified by Sporcle

Score 0/8 Timer 05:00
0 Plays Today
% Correct
European People's Party
96.4%
Alliance of Liberals and Democrats for Europe
82.1%
Progressive Alliance of Socialists and Democrats
75%
European Conservatives and Reformists
75%
Europe of Freedom and Democracy
67.9%
Non-Inscrits
53.6%
The Greens-European Free Alliance
50%
European United Left-Nordic Green Left
50%

You're not logged in!

Compare scores with friends on all Sporcle quizzes.
OR
Log In

Show Comments

Extras

Top Quizzes Today


Score Distribution

Your Account Isn't Verified!

In order to create a playlist on Sporcle, you need to verify the email address you used during registration. Go to your Sporcle Settings to finish the process.

Report this User

Report this user for behavior that violates our Community Guidelines.

Details: